Statistics for Sparkly Abs by CG5 Lyrics Quiz

Click here to take the quiz!

General Stats

  • This quiz has been taken 21 times
  • The average score is 236 of 291

Answer Stats

Answer% Correct
A
100%
Me
100%
Me?
100%
You
100%
You,
100%
Abs
92%
Be
92%
Cliff
92%
Got
92%
I
92%
Jump
92%
Make
92%
Of
92%
Over
92%
So
92%
Sparkly
92%
That
92%
There
92%
Wanna
92%
Beautiful
85%
Death
85%
Facial
85%
Get
85%
Hair
85%
Handsome
85%
Handsome,
85%
Like
85%
Off
85%
Some
85%
Thoughts
85%
Too
85%
Way
85%
Are
77%
'Cause
77%
Intrusive
77%
Right
77%
Yeah
77%
Yeah,
77%
Never
69%
But
62%
I'm
62%
Can't
54%
Give
54%
I'll
54%
Just
54%
Kill
54%
Man,
54%
Up
54%
God
46%
Manly?
46%
We
46%
Why
46%
Biceps
38%
Built
38%
Family?
38%
Gotta
38%
Happy
38%
How
38%
Really
38%
Triceps
38%
All
31%
And
31%
Fiveceps
31%
Look
31%
Much
31%
Tell
31%
At
23%
Aw
23%
Jamma
23%
Mamma-
23%
Mean,
23%
My
23%
Quadriceps
23%
Hear
0%

Score Distribution

Percentile by Number Answered

Percent of People with Each Score

Your Score History

You have not taken this quiz